| 000 | 00705cam a22002413a 4500 | ||
|---|---|---|---|
| 001 | 38787 | ||
| 003 | PGUSA | ||
| 005 | 20140828083844.0 | ||
| 008 | 120208s2012||||xxu|||||s|||||000 | eng d | ||
| 040 |
_aPGUSA _beng |
||
| 042 | _adc | ||
| 050 | 4 | _aAP | |
| 245 | 1 | 0 |
_aHarper's New Monthly Magazine, Vol III, No 13, 1851 _h[electronic resource] / _cVarious |
| 260 |
_bProject Gutenberg, _c2012 |
||
| 506 | _aPublic domain in the USA. | ||
| 516 | _aElectronic text | ||
| 653 | _aAmerican literature -- Periodicals | ||
| 653 | _aCivilization -- Periodicals | ||
| 653 | _aCulture -- Periodicals | ||
| 830 | 0 |
_aProject Gutenberg _v38787 |
|
| 856 | 4 | 0 | _uhttp://www.gutenberg.org/ebooks/38787 |
| 942 | _cEB | ||
| 999 |
_c268041 _d268041 |
||